000 00595nam a2200241Ia 4500
003 OSt
005 20221005124007.0
006 a|||||r|||| 00| 0
007 ta
008 ASM
024 _a27471
037 _cTextual
040 _aCRL
_cCRL
_bASM
041 _2ASM
_aASM
082 _aO152,3N14,3, 158L6
100 _aYaspal
_9394217
245 0 _aManuhar rup
260 _c1976
650 _aHINDI LITERATURE
_923866
700 _a Hazarika Tilak Tr.
_9154842
942 _hO152,3N14,3, 158L6
_cTEXL
_2cc
999 _c1049137
_d1049137